En el enjambre.

Збережено в:
Бібліографічні деталі
Автор: Han, Byung-Chul (autor)
Інші автори: Gabás, Raúl (traductor)
Формат: Книга
Мова:Іспанська
Опубліковано: Barcelona, España: Herder, 2014.
Редагування:1a. edición.
Серія:Pensamientos Herder
Предмети:
Теги: Додати тег
Немає тегів, Будьте першим, хто поставить тег для цього запису!

MARC

LEADER 00000cam a2200000 a 4500
001 UCE5501
003 CL-VaPUC
005 20250321101910.0
008 150115t20140000sp |||||||||||||||||spa|d
999 |c 358216  |d 358214 
020 |a 978-84-254-3368-9 
040 |c Pontificia Universidad Católica de Valparaíso 
082 0 4 |a 302.2 HAN 2014  |2 21 
100 |a Han, Byung-Chul  |e autor  |9 602741 
245 1 0 |a En el enjambre. 
250 |a 1a. edición. 
260 |a Barcelona, España:  |b Herder,  |c 2014. 
300 |a 109 páginas. 
490 0 |a Pensamientos Herder 
500 |a c.6-c.7. Instituto Arcos.08-01-2025. 
583 |a last modification  |c 20181219 04:43:12  |k Rodrigo Vera 
650 0 |a Internet   |9 254823  |x Aspectos sociales 
650 0 |a Redes sociales   |9 327959 
650 0 |a Cultura popular  |9 307504 
650 0 |a Tecnología de la información   |9 254825 
700 |9 862565  |a Gabás, Raúl  |e traductor 
942 |c BK  |2 ddc  |n 0 
945 |d 20150115 11:28:00  |a arojas 
952 |0 0  |1 0  |3 erb  |4 0  |6 302_200000000000000_HAN_2014  |7 0  |8 A  |9 466783  |a BIBART  |b BIBART  |i 5135133  |o 302.2 HAN 2014  |p 5135133  |r 2025-03-13  |w 2019-11-23  |y BK  |z Catalogado en:20150115  |k ART 
952 |0 0  |1 0  |3 erb  |4 0  |6 302_200000000000000_HAN_2014  |7 0  |8 A  |9 466784  |a BIBEDU  |b BIBEDU  |i 5144760  |l 1  |o 302.2 HAN 2014  |p 5144760  |r 2025-04-21  |s 2025-04-21  |w 2019-11-23  |y BK  |z Catalogado en:20150402  |k EPE 
952 |0 0  |1 0  |3 erb  |4 0  |6 302_200000000000000_HAN_2014  |7 0  |8 A  |9 466785  |a BIBARQ  |b BIBARQ  |i 5452309  |o 302.2 HAN 2014  |p 5452309  |r 2025-01-20  |w 2019-11-23  |y BK  |z Catalogado en:20180302  |k ARQ 
952 |0 0  |1 0  |3 erb  |4 0  |6 302_200000000000000_HAN_2014  |7 0  |8 A  |9 466786  |a BIBGIM  |b BIBGIM  |i 5524156  |l 2  |o 302.2 HAN 2014  |p 5524156  |r 2025-03-24  |s 2025-03-17  |w 2019-11-23  |y BK  |z Catalogado en:20181220  |k COM 
952 |0 0  |1 0  |3 erb  |4 0  |6 302_200000000000000_HAN_2014  |7 0  |8 A  |9 466787  |a BIBTEO  |b BIBTEO  |d 2019-08-13  |e 8  |g 12600.00  |i 5559243  |l 1  |m 1  |o 302.2 HAN 2014  |p 5559243  |r 2025-01-17  |s 2024-04-03  |v 12600.00  |w 2019-11-23  |y BK  |z Catalogado en:20190814  |k ICR 
952 |0 0  |1 0  |2 ddc  |4 0  |6 302_200000000000000_HAN_2014  |7 0  |8 A  |9 600420  |a BIBINC  |b BIBINC  |d 2025-02-04  |e Instituto Arcos  |i 5665331  |l 1  |o 302.2 HAN 2014  |p 5665331  |r 2025-04-21  |s 2025-04-11  |t 6  |w 2025-02-04  |y BK  |k IFP 
952 |0 0  |1 0  |2 ddc  |4 0  |6 302_200000000000000_HAN_2014  |7 0  |8 A  |9 600421  |a BIBINC  |b BIBINC  |d 2025-02-04  |e Instituto Arcos  |i 5665332  |o 302.2 HAN 2014  |p 5665332  |r 2025-02-04  |t 7  |w 2025-02-04  |y BK  |k IFP